000
00348nam a2200133Ia 4500
008
151213s9999 xx 000 0 und d
100
_a
B. R. Mullik
245
_a
Mathew Arnold Selected Poems
_c
B. R. Mullik
260
_a
New Dhilhi
_b
University Book Stoll
_c
1972
300
_a
1873 p.
650
_a
English
700
_a
B. R. Mullik
999
_c
1378
_d
1378